000 00332nam a2200133Ia 4500
005 20260328104245.0
008 260328s9999||||xx |||||||||||||| ||und||
100 _aArmiñan, Terasa
245 0 _aLima /
_cTerasa Armiñan
260 _bInstituto de Coperacion Iberoamericana
300 _a184 p.
650 _aTEORÍA
942 _cBK
999 _c10036
_d10036